Can you name every Roblox Forsaken character? - Statistics

General Stats
  • This quiz has been taken 60 times
  • The average score is 18 of 19
Answer Stats
Answer % Correct
Builderman
100%
Elliot
100%
Guest 1337
100%
Guest 666
100%
John Doe
100%
Noob
100%
Shedletsky
100%
Slasher
100%
C00lkidd
97%
Chance
97%
Noli
97%
Two Time
97%
Veeronica
97%
1x1x1x1
94%
Dusekkar
94%
Jane Doe
94%
Taph
94%
007n7
91%
Nosferatu
91%
No matching quizzes found
Score Distribution
Percent of People with Each Score
Percentile by Number Answered
Your Score History
You have not taken this quiz